Loading...
| Painting/Sculpture | 0 | 6 | 0 | 0 | 60 | 61 | 87.50 | 0 | 2 |
| History - American History | 0 | 5 | 0 | 2 | 50 | 45 | 72.40 | 1 | 3 |
| Science - Other Science | 0 | 5 | 1 | 0 | 45 | 18 | 40.20 | 0 | 5 |
| Religion | 0 | 4 | 0 | 2 | 40 | 69 | 102.50 | 0 | 1 |
| History - World History | 0 | 4 | 0 | 0 | 40 | 33 | 56.25 | 0 | 2 |
| Literature - American Literature | 0 | 4 | 0 | 1 | 40 | 85 | 99.00 | 0 | 1 |
| Literature - European Literature | 0 | 4 | 0 | 2 | 40 | 73 | 110.50 | 0 | 0 |
| Fine Arts - Other Fine Arts | 0 | 4 | 0 | 1 | 40 | 48 | 74.50 | 2 | 3 |
| Science - Biology | 0 | 4 | 0 | 3 | 40 | 46 | 80.00 | 1 | 2 |
| Mythology | 0 | 4 | 0 | 1 | 40 | 20 | 70.00 | 1 | 2 |
| Fine Arts - Classical Music | 0 | 4 | 1 | 1 | 35 | 74 | 90.00 | 0 | 0 |
| Current Events | 0 | 3 | 0 | 1 | 30 | 57 | 73.33 | 0 | 1 |
| Science - Chemistry | 0 | 3 | 0 | 3 | 30 | 80 | 94.33 | 0 | 1 |
| Social Science | 0 | 3 | 0 | 1 | 30 | 49 | 70.00 | 1 | 3 |
| Science - Physics | 0 | 3 | 1 | 0 | 25 | 71 | 72.00 | 0 | 2 |
| Literature - British Literature | 0 | 2 | 0 | 0 | 20 | 64 | 90.50 | 1 | 1 |
| History - European History | 0 | 2 | 0 | 1 | 20 | 59 | 80.00 | 0 | 0 |
| Philosophy | 0 | 1 | 0 | 0 | 10 | 26 | 26.00 | 1 | 1 |
| Pop Culture | 0 | 1 | 0 | 0 | 10 | 47 | 47.00 | 0 | 0 |
| Geography | 0 | 1 | 0 | 0 | 10 | 107 | 107.00 | 0 | 0 |
| Literature - World Literature | 0 | 0 | 2 | 0 | -10 | 0.00 | 0 | 0 | |
| History - Other History | 0 | 0 | 2 | 0 | -10 | 0.00 | 0 | 0 |